| 000 | 00461nam a22001817a 4500 | ||
|---|---|---|---|
| 005 | 20231031170425.0 | ||
| 008 | 231031b |||||||| |||| 00| 0 eng d | ||
| 020 | _a978-93-86456-49-6 | ||
| 041 | _aeng | ||
| 082 | _a328.7 | ||
| 100 |
_aCHATURVEDI, R.N. ANDARORA,VIBHA _98217 |
||
| 245 | _aPLEADINGS, DRAFTING AND CONVEYANCING | ||
| 250 | _a5TH, ED, 2023 | ||
| 260 |
_aALLAHABAD _bCENTRAL LAW PUBLICATION |
||
| 300 | _a416;p | ||
| 650 | _aLAW | ||
| 942 | _cBK | ||
| 999 |
_c8436 _d8434 |
||